| 000 | 00379nam a22001457a 4500 | ||
|---|---|---|---|
| 003 | MACL | ||
| 005 | 20180908142126.0 | ||
| 008 | 180908b xxu||||| |||| 00| 0 eng d | ||
| 040 | _cMACL | ||
| 100 |
_aDhar, Tripti _972616 |
||
| 245 | _aOpen And Distance Learning Education | ||
| 260 |
_aKolkata _bPragatishil prokashak _c2014 |
||
| 650 |
_aEducation _972879 |
||
| 942 |
_2ddc _cBK |
||
| 999 |
_c58307 _d58307 |
||